| Tag |
First Indicator |
Second Indicator |
Subfields |
| LEADER |
00000cam a2200000Ia 4500 |
| 001 |
in00001594621 |
| 005 |
20151022164454.0 |
| 008 |
861031t19851974ilu 000 0 eng d |
| 010 |
|
|
|a 74021060
|
| 020 |
|
|
|a 0842346902
|
| 020 |
|
|
|a 0842346910 (pbk.)
|
| 035 |
|
|
|a (OCoLC)ocm14584437
|
| 040 |
|
|
|a BMC
|c BMC
|d TXA
|d UtOrBLW
|
| 049 |
|
|
|a TXAM
|
| 090 |
|
|
|a BS2025 1985
|b .T96
|
| 130 |
0 |
|
|a Bible.
|p New Testament.
|l English.
|f 1985.
|
| 245 |
1 |
0 |
|a Eight translation New Testament.
|
| 264 |
|
1 |
|a Wheaton, Ill. :
|b Tyndale House,
|c [1985]
|
| 264 |
|
4 |
|c ©1974
|
| 300 |
|
|
|a li, 1899 pages ;
|c 25 cm.
|
| 336 |
|
|
|a text
|b txt
|2 rdacontent
|
| 337 |
|
|
|a unmediated
|b n
|2 rdamedia
|
| 338 |
|
|
|a volume
|b nc
|2 rdacarrier
|
| 500 |
|
|
|a "Guide to the ancient manuscripts, Phillip M. Comfort": pages 1899-[1930].
|
| 505 |
0 |
|
|a King James Version -- The Living Bible -- Phillips Modern English -- Revised Standard Version -- Today's English Version -- New International Version -- Jerusalem Bible -- New English Bible.
|
| 630 |
0 |
0 |
|a Bible.
|p New Testament.
|l English
|x Versions.
|
| 994 |
|
|
|a E0
|b TXA
|
| 948 |
|
|
|a cataloged
|b h
|c 2001/2/15
|d c
|e jlanham
|f 10:12:32 am
|
| 999 |
|
|
|a MARS
|
| 999 |
f |
f |
|s 61640642-168a-37e5-97f3-ea1d25e72a9c
|i 54196977-478c-39f4-a960-fb6462ae803c
|t 0
|
| 952 |
f |
f |
|p ric
|a Texas A&M University
|b Rellis Campus
|c Joint Library Facility
|d Remote Storage
|t 0
|e BS2025 1985 .T96
|h Library of Congress classification
|i unmediated -- volume
|m A14827005921
|
| 998 |
f |
f |
|a BS2025 1985 .T96
|t 0
|l Remote Storage
|